| 000 | 00989cam a2200217 4500 | ||
|---|---|---|---|
| 001 | WB3902-09 | ||
| 008 | 030103n2003 000 0 eng u | ||
| 035 | _a(Sirsi) u121026 | ||
| 245 | _aLondon offices still most expensive | ||
| 260 | _c2003 | ||
| 490 |
_aDTZ Press Release _v3 January 2003, (2) |
||
| 520 | _aDTZ's sixth annual "Global office occupancy costs survey" reveals that London is still the world's most expensive office location, with Birmingham and Manchester ranking sixth and tenth respectively. Office markets in most international cities weakened during 2002. Survey available from www.dtzresearch.com www.dtz.com/www/dtzglobal.nsf/docs/5HFDRXPSID?opendocument&subcat=&lang=1 | ||
| 590 | _aWB | ||
| 650 | _aLONDON | ||
| 650 | _aPROPERTY-COMMERCIAL PROPERTY-OFFICE PROPERTY-OFFICE PROPERTY MARKET | ||
| 650 | _aDTZ | ||
| 650 | _aOCCUPANCY COSTS | ||
| 650 | _aOFFICE SPACE | ||
| 690 | _aPROPERTY-COMMERCIAL PROPERTY-COMMERCIAL PROPERTY MARKET | ||
| 942 | _n0 | ||
| 999 |
_c71922 _d71922 |
||